Emmy Nominations (2011) Quiz Stats

Quiz Updated Apr 26, 2018

Challenge
Share
Tweet
Embed
Score 0/78 Timer 15:00
0 Plays Today
Category Performer / Series % Correct
Lead Actress, Comedy SeriesTina Fey
76.7%
Drama SeriesMad Men
75.3%
Comedy Series30 Rock
74.2%
Lead Actor, Comedy SeriesAlec Baldwin
71.9%
Comedy SeriesThe Office
68.4%
Comedy SeriesModern Family
68.4%
Lead Actor, Comedy SeriesSteve Carell
65.8%
Comedy SeriesThe Big Bang Theory
64.8%
Comedy SeriesParks and Recreation
63.8%
Drama SeriesBoardwalk Empire
62.2%
Lead Actor, Drama SeriesHugh Laurie
58.8%
Drama SeriesDexter
58.1%
Lead Actress, Comedy SeriesAmy Poehler
57.3%
Lead Actor, Drama SeriesJon Hamm
54.4%
Comedy SeriesGlee
52.7%
Drama SeriesGame of Thrones
52%
Drama SeriesThe Good Wife
51.8%
Reality Show CompetitionAmerican Idol
50.7%
Lead Actor, Drama SeriesSteve Buscemi
48%
Lead Actress, Comedy SeriesEdie Falco
46.2%
Reality Show CompetitionThe Amazing Race
45.6%
Drama SeriesFriday Night Lights
45.3%
Lead Actor, Drama SeriesMichael C. Hall
44.7%
Lead Actor, Comedy SeriesLouis C.K.
43.7%
Supporting Actress, Comedy SeriesBetty White
42.4%
Lead Actor, Comedy SeriesJim Parsons
41.7%
Variety, Music or Comedy SeriesThe Daily Show With Jon Stewart
38.7%
Lead Actress, Drama SeriesKathy Bates
37.5%
Supporting Actress, Comedy SeriesJane Lynch
37.1%
Variety, Music or Comedy SeriesThe Colbert Report
36.4%
Lead Actress, Drama SeriesMariska Hargitay
35.6%
Supporting Actor, Comedy SeriesJon Cryer
34.7%
Supporting Actress, Comedy SeriesSofia Vergara
34.2%
Variety, Music or Comedy SeriesConan
32.9%
Supporting Actor, Comedy SeriesEd O'Neill
32.2%
Lead Actress, Comedy SeriesLaura Linney
32%
Variety, Music or Comedy SeriesSaturday Night Live
31.6%
Lead Actor, Comedy SeriesMatt LeBlanc
31.4%
Supporting Actress, Comedy SeriesKristen Wiig
30.8%
Category Performer / Series % Correct
Lead Actor, Comedy SeriesJohnny Galecki
30%
Supporting Actress, Comedy SeriesJulie Bowen
29.3%
Lead Actress, Comedy SeriesMelissa McCarthy
29.3%
Lead Actor, Drama SeriesKyle Chandler
29.2%
Lead Actress, Drama SeriesJulianna Margulies
28.9%
Supporting Actress, Drama SeriesChristina Hendricks
27.6%
Lead Actor, Drama SeriesTimothy Olyphant
27.5%
Supporting Actor, Comedy SeriesChris Colfer
27.2%
Reality Show CompetitionTop Chef
27.1%
Supporting Actor, Comedy SeriesTy Burrell
26.2%
Reality Show CompetitionProject Runway
25.7%
Supporting Actress, Comedy SeriesJane Krakowski
25.2%
Reality Show CompetitionDancing With the Stars
25.1%
Variety, Music or Comedy SeriesLate Night With Jimmy Fallon
24.9%
Supporting Actor, Comedy SeriesEric Stonestreet
24.7%
Lead Actress, Drama SeriesConnie Britton
24.1%
Reality Show CompetitionSo You Think You Can Dance
24%
Lead Actress, Drama SeriesElisabeth Moss
22.7%
Supporting Actor, Comedy SeriesJesse Tyler Ferguson
22.3%
Supporting Actor, Drama SeriesPeter Dinklage
20.8%
Lead Actress, Comedy SeriesMartha Plimpton
19%
Variety, Music or Comedy SeriesReal Time With Bill Maher
18.1%
Supporting Actor, Drama SeriesJohn Slattery
16.3%
Supporting Actor, Drama SeriesAndre Braugher
14.9%
Supporting Actress, Drama SeriesChristine Baranski
14%
TV Miniseries or MovieThe Kennedys
13.7%
TV Miniseries or MovieMildred Pierce
13%
Supporting Actor, Drama SeriesAlan Cumming
12.6%
Supporting Actor, Drama SeriesJosh Charles
11.7%
Supporting Actress, Drama SeriesArchie Panjabi
11%
Lead Actress, Drama SeriesMireille Enos
10.8%
Supporting Actress, Drama SeriesKelly Macdonald
10.7%
TV Miniseries or MovieDownton Abbey
9.2%
Supporting Actor, Drama SeriesWalton Goggins
8.8%
Supporting Actress, Drama SeriesMargo Martindale
7.8%
Supporting Actress, Drama SeriesMichelle Forbes
6.9%
TV Miniseries or MovieToo Big To Fail
5.2%
TV Miniseries or MovieThe Pillars of the Earth
3.8%
TV Miniseries or MovieCinema Verite
3.7%

You're not logged in!

Compare scores with friends on all Sporcle quizzes.
Join for Free
OR
Log In

You Might Also Like...

Show Comments

Extras

Top Quizzes Today


Score Distribution

Your Account Isn't Verified!

In order to create a playlist on Sporcle, you need to verify the email address you used during registration. Go to your Sporcle Settings to finish the process.

Report this User

Report this user for behavior that violates our Community Guidelines.

Details: